El Pueblo guaymí y su futuro /
Sparad:
| Institutionella upphovsmän: | , |
|---|---|
| Materialtyp: | Text |
| Publicerad: |
Panamá:
Centro de Estudios y Acción Social Panameño. CEASPA. Comité Patrocinador del Foro sobre el pueblo guaymí y su futuro
|
| Taggar: |
Lägg till en tagg
Inga taggar, Lägg till första taggen!
|
MARC
| LEADER | 00000 a a2200000 04500 | ||
|---|---|---|---|
| 001 | 20891 | ||
| 003 | |||
| 040 | |||
| 090 | |a 1001 P977p | ||
| 110 | |a Centro de Estudios y Acción Social Panameño | ||
| 245 | |a El Pueblo guaymí y su futuro / |c Centro de Estudios y Acción Social Panameño | ||
| 260 | |a Panamá: |b Centro de Estudios y Acción Social Panameño. CEASPA. Comité Patrocinador del Foro sobre el pueblo guaymí y su futuro | ||
| 300 | |a 403 p | ||
| 710 | |a CEASPA |a Comité Patrocinador del Foro sobre el pueblo guaymí y su futuro | ||
| 999 | |c 6102 |d 6102 | ||
